[Event "35t. Copenhagen Open (Politiken Cup)"]
[Site "Elsinore"]
[Date "2013.07.29"]
[Round "4"]
[White "Martinez Vestergaard, Kristian"]
[Black "Jensen, Soren Holm"]
[Result "1/2-1/2"]
[WhiteElo "1809"]
[BlackElo "2004"]
[PlyCount "95"]
[EventDate "2013.07.27"]
[EventType "swiss"]
[EventRounds "10"]
[EventCountry "DEN"]
[Source "ChessBase"]
[SourceDate "2013.08.26"]

1. e4 e5 2. Nf3 Nc6 3. Nc3 Nf6 4. d4 exd4 5. Nxd4 Bb4 6. Nxc6 bxc6 7. Bd3 d5 8.
exd5 cxd5 9. O-O O-O 10. Bg5 c6 11. Qf3 h6 12. Bxf6 Qxf6 13. Qxf6 gxf6 14. Ne2
Re8 15. c3 Bf8 16. Ng3 Re6 17. Rfe1 Bd7 18. Bf5 Rxe1+ 19. Rxe1 Re8 20. Kf1
Rxe1+ 21. Kxe1 Be8 22. Kd2 Bc5 23. f3 Kf8 24. b4 Bb6 25. Ne2 a5 26. a3 axb4 27.
axb4 c5 28. bxc5 Bxc5 29. Nd4 Bd6 30. g3 h5 31. Bc8 h4 32. f4 hxg3 33. hxg3 Bc5
34. Bb7 Bd7 35. Bxd5 Ke7 36. Kd3 Bb6 37. Kc4 Ba7 38. Kd3 Bb6 39. Bc4 Bc5 40.
Ke3 Bb6 41. Ke4 Ba5 42. Kd3 Bb6 43. Bd5 Ba7 44. c4 Bc5 45. Ne2 Bg4 46. Nd4 Bd7
47. Nf3 Bf2 48. Nd2 1/2-1/2

[Event "35t. Copenhagen Open (Politiken Cup)"]
[Site "Elsinore"]
[Date "2013.07.29"]
[Round "4"]
[White "Martinsen, Stig K"]
[Black "Skjoldager, Flemming"]
[Result "1-0"]
[WhiteElo "2164"]
[BlackElo "1979"]
[PlyCount "75"]
[EventDate "2013.07.27"]
[EventType "swiss"]
[EventRounds "10"]
[EventCountry "DEN"]
[Source "ChessBase"]
[SourceDate "2013.08.26"]

1. d4 Nf6 2. c4 e5 3. dxe5 Ng4 4. e3 Nxe5 5. Nh3 Bb4+ 6. Bd2 Bxd2+ 7. Qxd2 O-O
8. Nf4 b6 9. Nc3 Bb7 10. O-O-O d6 11. Be2 a5 12. Nfd5 Na6 13. f4 Nd7 14. e4 Nb4
15. h4 Bxd5 16. cxd5 Nc5 17. Kb1 Re8 18. Qd4 Qe7 19. Bb5 Rf8 20. h5 f6 21. g4
Rf7 22. Rh3 Rd8 23. Re3 Qf8 24. Rh1 Ra8 25. Ne2 Qc8 26. Rg1 Qf8 27. Ng3 g5 28.
hxg6 hxg6 29. a3 Nba6 30. b4 Nb7 31. g5 fxg5 32. f5 Qg7 33. Qc4 Nb8 34. Be8 Re7
35. Bxg6 axb4 36. Nh5 Qh8 37. Qxb4 Nc5 38. f6 1-0

[Event "35t. Copenhagen Open (Politiken Cup)"]
[Site "Elsinore"]
[Date "2013.07.29"]
[Round "4"]
[White "Matthiesen, Martin"]
[Black "Johansen, Stian"]
[Result "1-0"]
[WhiteElo "2275"]
[BlackElo "2085"]
[PlyCount "69"]
[EventDate "2013.07.27"]
[EventType "swiss"]
[EventRounds "10"]
[EventCountry "DEN"]
[Source "ChessBase"]
[SourceDate "2013.08.26"]

1. d4 Nf6 2. c4 c5 3. d5 b5 4. cxb5 a6 5. bxa6 g6 6. Nc3 Bxa6 7. g3 Bg7 8. Bg2
d6 9. Nf3 Nfd7 10. O-O Nb6 11. Qc2 Nc4 12. Nd2 Nd7 13. Nxc4 Bxc4 14. Bd2 Nb6
15. Rfd1 O-O 16. b3 Ba6 17. a4 Qd7 18. Ra2 Rab8 19. e4 f5 20. Bh3 e6 21. dxe6
Qxe6 22. exf5 gxf5 23. Bg2 Bb7 24. Bxb7 Rxb7 25. Bf4 Be5 26. Bxe5 dxe5 27. Nb5
f4 28. Rd6 Qh3 29. Qd1 f3 30. Qf1 Qf5 31. Rad2 e4 32. a5 Nc8 33. R6d5 Qe6 34.
Qc4 Kh8 35. Rd8 1-0

[Event "35t. Copenhagen Open (Politiken Cup)"]
[Site "Elsinore"]
[Date "2013.07.29"]
[Round "4"]
[White "Merkesvik, Sondre"]
[Black "Andersen, Morten"]
[Result "1/2-1/2"]
[WhiteElo "1980"]
[BlackElo "2166"]
[PlyCount "45"]
[EventDate "2013.07.27"]
[EventType "swiss"]
[EventRounds "10"]
[EventCountry "DEN"]
[Source "ChessBase"]
[SourceDate "2013.08.26"]

1. Nf3 c5 2. g3 Nc6 3. d4 cxd4 4. Nxd4 g6 5. Bg2 Bg7 6. Nxc6 bxc6 7. O-O Nf6 8.
c4 O-O 9. Nc3 Qa5 10. Bd2 Qa6 11. b3 d6 12. Qc2 Rd8 13. Rad1 d5 14. cxd5 cxd5
15. Bg5 Bf5 16. Qd2 Rac8 17. Bxf6 Bxf6 18. Nxd5 Kg7 19. Qe3 Qxa2 20. Nxf6 exf6
21. Ra1 Qb2 22. Rxa7 Rb8 23. h4 1/2-1/2

[Event "35t. Copenhagen Open (Politiken Cup)"]
[Site "Elsinore"]
[Date "2013.07.29"]
[Round "4"]
[White "Moller, Arne"]
[Black "Jacobsen, Caroline Beer"]
[Result "1-0"]
[WhiteElo "1860"]
[BlackElo "1585"]
[PlyCount "69"]
[EventDate "2013.07.27"]
[EventType "swiss"]
[EventRounds "10"]
[EventCountry "DEN"]
[Source "ChessBase"]
[SourceDate "2013.08.26"]

1. e4 e5 2. Nf3 Nc6 3. Bb5 a6 4. Ba4 Nf6 5. O-O Be7 6. Bxc6 dxc6 7. Qe1 Bd6 8.
d4 exd4 9. e5 O-O 10. exd6 Qxd6 11. Qe5 c5 12. Qxd6 cxd6 13. Bf4 Ne4 14. Ng5 d5
15. Nxe4 dxe4 16. Bd6 Rd8 17. Bxc5 d3 18. cxd3 exd3 19. Be3 Bf5 20. Nd2 Rac8
21. Rac1 Rc2 22. Rxc2 dxc2 23. Rc1 a5 24. f3 b5 25. Ne4 Rd3 26. Kf2 Bxe4 27.
fxe4 h6 28. Rxc2 Rd8 29. Rc7 Rb8 30. Bf4 Rb6 31. Ke3 b4 32. b3 Ra6 33. Rc4 g5
34. Be5 f6 35. Bd4 1-0

[Event "35t. Copenhagen Open (Politiken Cup)"]
[Site "Elsinore"]
[Date "2013.07.29"]
[Round "4"]
[White "Nielsen, Bjorn"]
[Black "Hansen, Anders"]
[Result "0-1"]
[WhiteElo "1458"]
[BlackElo "1709"]
[PlyCount "54"]
[EventDate "2013.07.27"]
[EventType "swiss"]
[EventRounds "10"]
[EventCountry "DEN"]
[Source "ChessBase"]
[SourceDate "2013.08.26"]

1. e4 c5 2. d3 Nc6 3. Nf3 e6 4. Be2 Qc7 5. O-O Nf6 6. h3 a6 7. Re1 b5 8. Nbd2
Bb7 9. Nf1 Bd6 10. c3 h5 11. Be3 Ne5 12. N1h2 Ng6 13. d4 Bxe4 14. Bd3 Rc8 15.
Qc2 Bxd3 16. Qxd3 Nf4 17. Bxf4 Bxf4 18. Nf1 c4 19. Qc2 h4 20. Rad1 Nd5 21. Ne3
Bxe3 22. fxe3 Qg3 23. Qf2 Qxf2+ 24. Kxf2 f6 25. e4 Nf4 26. e5 Nd3+ 27. Ke3 Nxe1
0-1

[Event "35t. Copenhagen Open (Politiken Cup)"]
[Site "Elsinore"]
[Date "2013.07.29"]
[Round "4"]
[White "Nielsen, Ejgild"]
[Black "Taksrud, Vidar"]
[Result "0-1"]
[WhiteElo "1900"]
[BlackElo "2050"]
[PlyCount "112"]
[EventDate "2013.07.27"]
[EventType "swiss"]
[EventRounds "10"]
[EventCountry "DEN"]
[Source "ChessBase"]
[SourceDate "2013.08.26"]

1. d4 Nf6 2. Nf3 e6 3. Bg5 c5 4. e3 Nc6 5. c3 h6 6. Bh4 cxd4 7. exd4 Qb6 8. Qb3
Na5 9. Qxb6 axb6 10. Nbd2 g5 11. Bg3 d6 12. Bd3 Bd7 13. b4 Nc6 14. Nc4 Nd5 15.
Kd2 g4 16. Ne1 e5 17. dxe5 dxe5 18. Nc2 f6 19. Be4 b5 20. Bxd5 bxc4 21. Bxc4
O-O-O 22. Kc1 h5 23. Bh4 Bg7 24. Ne3 Ne7 25. b5 Ng6 26. g3 Nxh4 27. gxh4 f5 28.
Nd5 Kb8 29. Kc2 Bxb5 30. Bxb5 Rxd5 31. c4 Rd4 32. Rhe1 Kc7 33. Rad1 e4 34. Re2
Kd6 35. a4 Rxd1 36. Kxd1 Bd4 37. Ra2 Ke5 38. Ke2 f4 39. a5 f3+ 40. Ke1 Rd8 41.
Rc2 Kf4 42. c5 Rd5 43. a6 Bxc5 44. Rc4 bxa6 45. Bxa6 Bb6 46. Rc1 Ba5+ 47. Kf1
Rd2 48. Kg1 Bb6 49. Rf1 Bd8 50. Bb7 Bxh4 51. Bc6 Bf6 52. Be8 h4 53. Bc6 Bd4 54.
Bb5 Rxf2 55. Rxf2 g3 56. hxg3+ hxg3 0-1

[Event "35t. Copenhagen Open (Politiken Cup)"]
[Site "Elsinore"]
[Date "2013.07.29"]
[Round "4"]
[White "Nielsen, Jan Mose"]
[Black "Saduakassova, Dinara"]
[Result "0-1"]
[WhiteElo "2088"]
[BlackElo "2340"]
[PlyCount "56"]
[EventDate "2013.07.27"]
[EventType "swiss"]
[EventRounds "10"]
[EventCountry "DEN"]
[Source "ChessBase"]
[SourceDate "2013.08.26"]

1. e4 c5 2. d4 cxd4 3. c3 d3 4. Bxd3 Nc6 5. c4 d6 6. h3 Nf6 7. Nf3 Ne5 8. O-O
e6 9. Nc3 Be7 10. b3 O-O 11. Bc2 b6 12. Bb2 Bb7 13. Nh2 a6 14. f4 Nc6 15. Qd2
b5 16. cxb5 axb5 17. Rae1 Qb6+ 18. Qf2 Qxf2+ 19. Rxf2 d5 20. exd5 Nxd5 21. Nxd5
exd5 22. Rfe2 Bc5+ 23. Kh1 Rxa2 24. Bb1 Raa8 25. Ng4 Bb4 26. Rd1 Rfe8 27. Rc2
d4 28. Rdc1 d3 0-1

[Event "35t. Copenhagen Open (Politiken Cup)"]
[Site "Elsinore"]
[Date "2013.07.29"]
[Round "4"]
[White "Nielsen, John Bauneborg"]
[Black "Svorono, Gabriel"]
[Result "1-0"]
[WhiteElo "2161"]
[BlackElo "1819"]
[PlyCount "31"]
[EventDate "2013.07.27"]
[EventType "swiss"]
[EventRounds "10"]
[EventCountry "DEN"]
[Source "ChessBase"]
[SourceDate "2013.08.26"]

1. d4 f5 2. e4 fxe4 3. Nc3 Nf6 4. Bg5 g6 5. f3 exf3 6. Nxf3 Bg7 7. Bd3 d6 8.
Qd2 Nc6 9. a3 Bg4 10. Qe3 Qd7 11. O-O-O Bxf3 12. gxf3 d5 13. h4 O-O-O 14. Na4
b6 15. Nc5 Qe8 16. Ne6 1-0

[Event "35t. Copenhagen Open (Politiken Cup)"]
[Site "Elsinore"]
[Date "2013.07.29"]
[Round "4"]
[White "Nilsen, Joachim Birger"]
[Black "Johansson, Alexander"]
[Result "1-0"]
[WhiteElo "2259"]
[BlackElo "2022"]
[PlyCount "91"]
[EventDate "2013.07.27"]
[EventType "swiss"]
[EventRounds "10"]
[EventCountry "DEN"]
[Source "ChessBase"]
[SourceDate "2013.08.26"]

1. d4 Nf6 2. c4 g6 3. Nc3 Bg7 4. e4 d6 5. Be2 O-O 6. Nf3 c5 7. O-O cxd4 8. Nxd4
Nc6 9. Be3 Bd7 10. Qd2 Ng4 11. Bxg4 Bxg4 12. Nxc6 bxc6 13. Bh6 Bh8 14. Bxf8
Qxf8 15. Rac1 Rb8 16. b3 Bg7 17. Qd3 Bh6 18. Rce1 Qg7 19. Kh1 Qe5 20. h3 Bd7
21. Ne2 g5 22. Nd4 Bf8 23. Nf5 e6 24. Ne3 h5 25. Qd1 Qh8 26. g3 g4 27. f4 f5
28. exf5 exf5 29. h4 Qc3 30. Qc2 Qf6 31. Qd3 Re8 32. Nc2 Rd8 33. Re2 Kh7 34.
Rfe1 d5 35. cxd5 cxd5 36. Nd4 Bb4 37. Rc1 Bd6 38. Kg2 Rb8 39. Qa6 Rd8 40. Qxa7
Kg6 41. Nc6 Bxc6 42. Rxc6 d4 43. Rd2 d3 44. Rxd3 Qb2+ 45. Qf2 Qa3 46. Qd2 1-0

[Event "35t. Copenhagen Open (Politiken Cup)"]
[Site "Elsinore"]
[Date "2013.07.29"]
[Round "4"]
[White "Nilssen, John Arni"]
[Black "Glud, Jakob Vang"]
[Result "0-1"]
[WhiteElo "2353"]
[BlackElo "2520"]
[PlyCount "54"]
[EventDate "2013.07.27"]
[EventType "swiss"]
[EventRounds "10"]
[EventCountry "DEN"]
[Source "ChessBase"]
[SourceDate "2013.08.26"]

1. d4 d5 2. c4 e6 3. Nf3 Nf6 4. g3 Bb4+ 5. Nc3 dxc4 6. Bg2 Nc6 7. O-O O-O 8. e3
Rb8 9. Qe2 b5 10. Rd1 Qe7 11. Ne1 Bd7 12. f4 Rfd8 13. a4 a6 14. Nc2 Na5 15.
Nxb4 Qxb4 16. Bd2 Nb3 17. Nd5 Qf8 18. Bb4 c5 19. Nxf6+ gxf6 20. dxc5 Nxa1 21.
c6 Qxb4 22. c7 Rbc8 23. cxd8=Q+ Rxd8 24. Rxa1 Be8 25. Be4 f5 26. Qh5 Qxb2 27.
Qg5+ Qg7 0-1

[Event "35t. Copenhagen Open (Politiken Cup)"]
[Site "Elsinore"]
[Date "2013.07.29"]
[Round "4"]
[White "Norlander, Svante"]
[Black "Preuss, Flemming"]
[Result "1-0"]
[WhiteElo "1796"]
[BlackElo "1994"]
[PlyCount "99"]
[EventDate "2013.07.27"]
[EventType "swiss"]
[EventRounds "10"]
[EventCountry "DEN"]
[Source "ChessBase"]
[SourceDate "2013.08.26"]

1. e4 e5 2. f4 d5 3. exd5 e4 4. Bb5+ c6 5. dxc6 Nxc6 6. Nc3 Nf6 7. Qe2 Bf5 8.
Bxc6+ bxc6 9. h3 Bb4 10. Qc4 Qd6 11. Nge2 O-O 12. O-O Rfe8 13. Kh1 Rad8 14. a3
Bxc3 15. bxc3 c5 16. Qa4 Bd7 17. Qa5 Bc6 18. c4 Nd7 19. Qc3 f5 20. Bb2 Qh6 21.
Kh2 Re6 22. Ng3 Rf8 23. Qe3 Qg6 24. a4 h5 25. Rg1 h4 26. Ne2 Qf7 27. a5 Rg6 28.
a6 Qxc4 29. Bc3 Bb5 30. Rae1 Bxa6 31. g3 hxg3+ 32. Rxg3 Rxg3 33. Qxg3 Qf7 34.
Rg1 Nf6 35. Nc1 Bc4 36. Qg5 Be6 37. Ne2 Kh8 38. Ng3 g6 39. h4 Kh7 40. Kh1 Bd5
41. Kh2 Ng4+ 42. Kh3 Rg8 43. Ra1 e3 44. dxe3 Qb7 45. e4 Nf2+ 46. Kh2 Bxe4 47.
h5 Qf7 48. Ra6 Bb7 49. hxg6+ Qxg6 50. Qh4+ 1-0

[Event "35t. Copenhagen Open (Politiken Cup)"]
[Site "Elsinore"]
[Date "2013.07.29"]
[Round "4"]
[White "Ochsner, Bjorn Moller"]
[Black "Hansen, Victor"]
[Result "1-0"]
[WhiteElo "2343"]
[BlackElo "2089"]
[PlyCount "53"]
[EventDate "2013.07.27"]
[EventType "swiss"]
[EventRounds "10"]
[EventCountry "DEN"]
[Source "ChessBase"]
[SourceDate "2013.08.26"]

1. e4 c6 2. d4 d5 3. Nc3 dxe4 4. Nxe4 Bf5 5. Ng3 Bg6 6. h4 h6 7. Nf3 Nd7 8. h5
Bh7 9. Bd3 Bxd3 10. Qxd3 Ngf6 11. Bf4 e6 12. O-O-O Be7 13. Kb1 Nd5 14. Bd2 c5
15. c4 Nb4 16. Bxb4 cxb4 17. d5 e5 18. Rhe1 O-O 19. Nxe5 Nc5 20. Qd4 Qa5 21.
Ng4 b3 22. a3 Bg5 23. Nf5 f6 24. f4 Rfe8 25. Rxe8+ Rxe8 26. fxg5 Re4 27. Nxf6+
1-0

[Event "35t. Copenhagen Open (Politiken Cup)"]
[Site "Elsinore"]
[Date "2013.07.29"]
[Round "4"]
[White "Olsen, Miriam Frida"]
[Black "Kopperberg, Steen"]
[Result "1-0"]
[WhiteElo "1959"]
[BlackElo "1777"]
[PlyCount "69"]
[EventDate "2013.07.27"]
[EventType "swiss"]
[EventRounds "10"]
[EventCountry "DEN"]
[Source "ChessBase"]
[SourceDate "2013.08.26"]

1. e4 e6 2. d4 d5 3. Nc3 dxe4 4. Nxe4 Bd7 5. Nf3 Bc6 6. Bd3 Nd7 7. O-O Ngf6 8.
Ng3 Bd6 9. c4 Bxg3 10. hxg3 Bxf3 11. Qxf3 c6 12. Bd2 O-O 13. Bc3 Re8 14. Rfe1
Qc7 15. g4 Nf8 16. g5 N6d7 17. Re3 Qd8 18. Qh5 f5 19. Rae1 g6 20. Qh6 Qe7 21.
d5 e5 22. f4 cxd5 23. fxe5 Ne6 24. cxd5 Qxg5 25. Qxg5 Nxg5 26. Bb5 Nc5 27. Bxe8
Rxe8 28. Bd4 b6 29. Rc1 Nge4 30. b4 Nd7 31. e6 Ndf6 32. Bxf6 Nxf6 33. d6 Kf8
34. d7 Rd8 35. e7+ 1-0

[Event "35t. Copenhagen Open (Politiken Cup)"]
[Site "Elsinore"]
[Date "2013.07.29"]
[Round "4"]
[White "Ottesen, Soren Rud"]
[Black "Green, Per"]
[Result "0-1"]
[WhiteElo "1782"]
[BlackElo "1967"]
[PlyCount "106"]
[EventDate "2013.07.27"]
[EventType "swiss"]
[EventRounds "10"]
[EventCountry "DEN"]
[Source "ChessBase"]
[SourceDate "2013.08.26"]

1. e4 e6 2. d4 d5 3. Nc3 Bb4 4. e5 c5 5. a3 Bxc3+ 6. bxc3 Qa5 7. Bd2 Qa4 8. Be3
c4 9. g3 Ne7 10. Ne2 Nbc6 11. Bg2 Bd7 12. O-O O-O-O 13. Nc1 Rdf8 14. Na2 h6 15.
Nb4 Nd8 16. Qb1 g5 17. Qb2 b6 18. Rfb1 f5 19. exf6 Rxf6 20. Qc1 Ndc6 21. Qd2
Be8 22. f4 g4 23. Bf2 Bg6 24. Re1 Bf5 25. Qc1 h5 26. Qb2 Rfh6 27. Re3 Re8 28.
Bh1 Kb7 29. Re2 h4 30. Bg2 Ng6 31. Rb1 Kb8 32. Bh1 Nce7 33. Bg2 Reh8 34. Kf1
Rg8 35. Ke1 Rgh8 36. Kd2 hxg3 37. hxg3 Rh2 38. Bg1 R2h7 39. Bf2 Kc8 40. Bg1 Nf8
41. Ree1 Nd7 42. Re2 Nf6 43. Rbe1 Kd7 44. Kc1 Be4 45. Bf1 Nf5 46. Bf2 Rh2 47.
Kb1 Qb5 48. Na2 Qxb2+ 49. Kxb2 Nh5 50. Nc1 Nhxg3 51. Bxg3 Nxg3 52. Rxh2 Rxh2
53. Ne2 Nxf1 0-1

[Event "35t. Copenhagen Open (Politiken Cup)"]
[Site "Elsinore"]
[Date "2013.07.29"]
[Round "4"]
[White "Pedersen, Carl Aage"]
[Black "Thiry, Jean Christophe"]
[Result "1/2-1/2"]
[WhiteElo "1734"]
[BlackElo "1981"]
[PlyCount "80"]
[EventDate "2013.07.27"]
[EventType "swiss"]
[EventRounds "10"]
[EventCountry "DEN"]
[Source "ChessBase"]
[SourceDate "2013.08.26"]

1. d4 d5 2. c4 e6 3. Nf3 Nf6 4. Nc3 Be7 5. Bg5 O-O 6. e3 Nbd7 7. Bd3 dxc4 8.
Bxc4 a6 9. O-O b5 10. Bd3 Bb7 11. a3 c5 12. dxc5 Nxc5 13. Bc2 Qb6 14. Qe2 h6
15. Bh4 Rac8 16. Rab1 b4 17. axb4 Qxb4 18. Bg3 a5 19. Rfd1 Ba6 20. Qe1 Rfd8 21.
Rxd8+ Rxd8 22. Qc1 Nd3 23. Bxd3 Bxd3 24. Ra1 Rc8 25. Qd2 Rd8 26. Bc7 Rd7 27.
Bxa5 Qb8 28. Qc1 Bg6 29. h3 Rb7 30. Nd4 Qd6 31. Ncb5 Qd5 32. Qc8+ Kh7 33. Nc3
Qd7 34. Qxd7 Nxd7 35. Nc6 Bf6 36. Rd1 Rxb2 37. Rxd7 Rc2 38. Nd8 Bxc3 39. Bxc3
Rxc3 40. Nxf7 Bxf7 1/2-1/2

[Event "35t. Copenhagen Open (Politiken Cup)"]
[Site "Elsinore"]
[Date "2013.07.29"]
[Round "4"]
[White "Brondt, Nicolai Kvist"]
[Black "Oe, Oluf"]
[Result "1-0"]
[WhiteElo "2180"]
[BlackElo "1992"]
[PlyCount "87"]
[EventDate "2013.07.27"]
[EventType "swiss"]
[EventRounds "10"]
[EventCountry "DEN"]
[Source "ChessBase"]
[SourceDate "2013.08.26"]

1. d4 d5 2. Nf3 Nf6 3. c4 e6 4. g3 c6 5. Nbd2 Qa5 6. Bg2 dxc4 7. O-O c3 8. bxc3
Qxc3 9. Rb1 Qa5 10. Qc2 Be7 11. Nb3 Qd8 12. Nc5 b6 13. Nb3 Bb7 14. Na5 Qc8 15.
Nxb7 Qxb7 16. Ne5 Nd5 17. e4 Nb4 18. Qa4 a5 19. a3 b5 20. Qb3 a4 21. Qf3 O-O
22. axb4 f6 23. Nd3 Rd8 24. Nc5 Qc8 25. Qc3 Na6 26. Nxa6 Rxa6 27. Ba3 Qd7 28.
Rfd1 Qd6 29. Rbc1 Rb6 30. Bf3 Rc8 31. d5 e5 32. Qe3 Qb8 33. d6 Bf8 34. d7 Rd8
35. Bg4 Qc7 36. Be6+ Kh8 37. Qc3 c5 38. Bh3 c4 39. Rd5 Be7 40. Rcd1 Kg8 41. Bf1
Bd6 42. Rxb5 Rc6 43. Rbd5 Rxd7 44. b5 1-0

[Event "35t. Copenhagen Open (Politiken Cup)"]
[Site "Elsinore"]
[Date "2013.07.29"]
[Round "4"]
[White "Rasmussen, Lars"]
[Black "Christensen, Janus"]
[Result "0-1"]
[WhiteElo "1977"]
[BlackElo "2156"]
[PlyCount "110"]
[EventDate "2013.07.27"]
[EventType "swiss"]
[EventRounds "10"]
[EventCountry "DEN"]
[Source "ChessBase"]
[SourceDate "2013.08.26"]

1. e4 e5 2. Nf3 Nc6 3. Nc3 Bc5 4. Nxe5 Bxf2+ 5. Kxf2 Nxe5 6. d4 Qf6+ 7. Kg1 Ng4
8. Qd2 Ne7 9. h3 Nh6 10. Qf2 Qg6 11. Bd3 O-O 12. Bf4 d6 13. Qe3 f5 14. Bxh6
gxh6 15. Rf1 Bd7 16. Rf3 Kh8 17. Kh2 Rg8 18. Rg3 Qf6 19. Rxg8+ Rxg8 20. Rf1 Qg7
21. Rf2 Bc6 22. Ne2 fxe4 23. Bxe4 Nf5 24. Qd3 Nxd4 25. Bxc6 Nxc6 26. Qc3 Ne5
27. Qg3 Nc4 28. Qxg7+ Kxg7 29. Rf4 Ne3 30. Rf3 Re8 31. Nd4 Kg6 32. Kg3 a6 33.
c3 c5 34. Nb3 Nc4 35. Rf2 Re1 36. Kf4 Rb1 37. Re2 Kf6 38. Nd2 Rxb2 39. Ne4+ Ke7
40. Rxb2 Nxb2 41. Kg4 Nd3 42. Kh5 d5 43. Nd2 Nf4+ 44. Kxh6 Nxg2 45. Kxh7 Kf6
46. c4 dxc4 47. Nxc4 b5 48. Nd2 c4 49. a4 Kf5 50. axb5 axb5 51. Kg7 Kf4 52. Kf6
Ke3 53. Nb1 Kd3 54. Ke5 c3 55. Na3 b4 0-1

[Event "35t. Copenhagen Open (Politiken Cup)"]
[Site "Elsinore"]
[Date "2013.07.29"]
[Round "4"]
[White "Rasmussen, Morten(1956)"]
[Black "Mihajlov, Sebastian"]
[Result "0-1"]
[WhiteElo "1921"]
[BlackElo "2138"]
[PlyCount "78"]
[EventDate "2013.07.27"]
[EventType "swiss"]
[EventRounds "10"]
[EventCountry "DEN"]
[Source "ChessBase"]
[SourceDate "2013.08.26"]

1. d4 d5 2. c4 c6 3. Nf3 Nf6 4. e3 e6 5. b3 Ne4 6. Bd3 Bb4+ 7. Nbd2 f5 8. O-O
O-O 9. Bb2 Nd7 10. a3 Bd6 11. Ne5 Qh4 12. f4 Ndf6 13. c5 Bxe5 14. fxe5 Ng4 15.
Nf3 Qh6 16. Bc1 Bd7 17. h3 Nxe3 18. Qe1 f4 19. Bxe3 fxe3 20. Bxe4 dxe4 21. Nh2
Qg5 22. Ng4 Rxf1+ 23. Kxf1 h5 24. Qxe3 Rf8+ 25. Kg1 Qg6 26. Nf2 Rf3 27. Qxe4
Qxe4 28. Nxe4 Rxb3 29. a4 Be8 30. a5 Bg6 31. Nd6 Bd3 32. Kf2 h4 33. Kf3 Ba6+
34. Kg4 Rb4 35. Kg5 Rxd4 36. Rb1 Rd2 37. Nxb7 Rxg2+ 38. Kxh4 Be2 39. Nd8 g5#
0-1

[Event "35t. Copenhagen Open (Politiken Cup)"]
[Site "Elsinore"]
[Date "2013.07.29"]
[Round "4"]
[White "Sajjadi, Kimiya"]
[Black "Bue, Gunnar"]
[Result "0-1"]
[WhiteElo "1485"]
[BlackElo "1654"]
[PlyCount "74"]
[EventDate "2013.07.27"]
[EventType "swiss"]
[EventRounds "10"]
[EventCountry "DEN"]
[Source "ChessBase"]
[SourceDate "2013.08.26"]

1. e4 c5 2. c3 e6 3. d4 cxd4 4. cxd4 a6 5. Nf3 Nc6 6. a3 b5 7. Bd3 Bb7 8. O-O
Nf6 9. Nc3 Be7 10. Ne2 d6 11. Ng3 O-O 12. Re1 Rc8 13. Bf4 Nxd4 14. Nxd4 e5 15.
Nde2 exf4 16. Nxf4 g6 17. Qb3 Nd7 18. Bb1 Nc5 19. Qe3 Bg5 20. Ba2 Qb6 21. Nge2
Nxe4 22. Bd5 Bxd5 23. Nxd5 Qc5 24. f4 Qxd5 25. fxg5 Nxg5 26. Nf4 Qc5 27. Nd3
Qxe3+ 28. Rxe3 Rc2 29. Nb4 Rxb2 30. Nxa6 Ne6 31. Rd3 Rd8 32. Rd5 Ra8 33. Rxd6
Rc8 34. Nb4 Rc3 35. Nd5 Rcc2 36. Ne3 Re2 37. Nd1 Re1# 0-1

[Event "35t. Copenhagen Open (Politiken Cup)"]
[Site "Elsinore"]
[Date "2013.07.29"]
[Round "4"]
[White "Satre, Mathias"]
[Black "Olofsson Dolk, Mattis"]
[Result "0-1"]
[WhiteElo "1805"]
[BlackElo "2113"]
[PlyCount "66"]
[EventDate "2013.07.27"]
[EventType "swiss"]
[EventRounds "10"]
[EventCountry "DEN"]
[Source "ChessBase"]
[SourceDate "2013.08.26"]

1. e4 c5 2. Nc3 a6 3. Nf3 d6 4. d4 cxd4 5. Nxd4 Nf6 6. Be2 e5 7. Nf3 h6 8. h3
Be7 9. Be3 Be6 10. Qd2 Nbd7 11. O-O b5 12. Bd3 O-O 13. Nh2 Nc5 14. a3 Nxd3 15.
cxd3 d5 16. exd5 Nxd5 17. Nxd5 Qxd5 18. Nf3 Bxh3 19. d4 e4 20. Ne5 Bf5 21. f3
f6 22. fxe4 Bxe4 23. Nd3 Bd6 24. Nc5 Rfe8 25. b4 Bxg2 26. Rf2 Be4 27. Nd7 Qe6
28. Nxf6+ gxf6 29. Bxh6 Qh3 30. Rxf6 Qh1+ 31. Kf2 Qh4+ 32. Ke2 Qxf6 33. Rg1+
Bg6+ 0-1

[Event "35t. Copenhagen Open (Politiken Cup)"]
[Site "Elsinore"]
[Date "2013.07.29"]
[Round "4"]
[White "Segovia Sanchez, Antonio"]
[Black "Christensen, Bo Garner"]
[Result "1/2-1/2"]
[WhiteElo "2059"]
[BlackElo "2256"]
[PlyCount "140"]
[EventDate "2013.07.27"]
[EventType "swiss"]
[EventRounds "10"]
[EventCountry "DEN"]
[Source "ChessBase"]
[SourceDate "2013.08.26"]

1. d4 f5 2. Bf4 Nf6 3. e3 e6 4. h3 c5 5. c3 Nc6 6. Nf3 b6 7. Nbd2 Bb7 8. Be2
Be7 9. O-O O-O 10. Bh2 Rc8 11. Qb1 cxd4 12. exd4 Qe8 13. Re1 Qg6 14. Bf1 Qh6
15. Nc4 Ne4 16. Qd1 g5 17. d5 Bc5 18. Ne3 Nxf2 19. Kxf2 f4 20. Kg1 fxe3 21. Qe2
g4 22. hxg4 Ba6 23. Qxa6 e2+ 24. Kh1 exf1=Q+ 25. Rxf1 exd5 26. Qd3 d4 27. cxd4
Bd6 28. Ne5 Kg7 29. Kg1 Nxd4 30. Qh3 Qd2 31. g5 Ne2+ 32. Kh1 Bb8 33. Qh6+ Kg8
34. Nf3 Qxb2 35. g6 Qg7 36. gxh7+ Qxh7 37. Qg5+ Kh8 38. Ne5 Rg8 39. Qf6+ Rg7
40. Nf7+ Kg8 41. Nh6+ Qxh6 42. Qxh6 Bxh2 43. Kxh2 Rh7 44. Qxh7+ Kxh7 45. Rf2
Nc3 46. Rf7+ Kg6 47. Rxd7 Ne2 48. Rd3 Kf5 49. Rf1+ Ke4 50. Rff3 Nd4 51. Rfe3+
Kd5 52. Rh3 Rd8 53. Ra3 a5 54. Rh6 Kc5 55. Re3 b5 56. Rh5+ Kc4 57. g4 a4 58. a3
Rf8 59. Kg2 Rf4 60. g5 Nf5 61. Re5 b4 62. axb4 Kxb4 63. g6 Nh4+ 64. Kg3 Nxg6
65. Rb5+ Ka3 66. Rh1 Ka2 67. Rg5 Rf6 68. Rh6 a3 69. Rhxg6 Rxg6 70. Rxg6 Ka1
1/2-1/2

[Event "35t. Copenhagen Open (Politiken Cup)"]
[Site "Elsinore"]
[Date "2013.07.29"]
[Round "4"]
[White "Skovgaard, Tom"]
[Black "Hansen, Ole Foss"]
[Result "1-0"]
[WhiteElo "1962"]
[BlackElo "1779"]
[PlyCount "111"]
[EventDate "2013.07.27"]
[EventType "swiss"]
[EventRounds "10"]
[EventCountry "DEN"]
[Source "ChessBase"]
[SourceDate "2013.08.26"]

1. e4 Nf6 2. e5 Nd5 3. d4 d6 4. Bc4 e6 5. Bb3 dxe5 6. dxe5 Nc6 7. Nf3 Bb4+ 8.
c3 Bc5 9. O-O b6 10. Qe2 Bd7 11. Rd1 Nde7 12. Ba4 a5 13. Bg5 Qc8 14. Qe4 Qb7
15. Bb5 O-O-O 16. Qe2 Nb8 17. Bxd7+ Rxd7 18. Rxd7 Nxd7 19. Nbd2 h6 20. Bxe7
Bxe7 21. Nd4 Bc5 22. N2f3 Rd8 23. Qb5 Nb8 24. a3 Qd5 25. Re1 Kb7 26. Qe2 Nc6
27. Rd1 g5 28. h3 Bf8 29. Rd2 Qc5 30. Nxc6 Rxd2 31. Nxa5+ Qxa5 32. Qxd2 Qd5 33.
Qxd5+ exd5 34. Nd4 c5 35. Nf5 b5 36. g3 Kc6 37. f4 Kd7 38. Kg2 Ke6 39. Ne3 Be7
40. Kf3 h5 41. Nc2 Kf5 42. b3 f6 43. Ne3+ Ke6 44. exf6 Bxf6 45. Nd1 Kf5 46. a4
bxa4 47. bxa4 Bd8 48. Ne3+ Ke6 49. fxg5 Bxg5 50. a5 Bd8 51. a6 Bb6 52. Ng2 Kf6
53. Nf4 d4 54. Nd5+ Kf5 55. Nxb6 d3 56. Ke3 1-0